000 00704cab a2200253 4500
001 WB3206-11
008 090401t1996 xxu||||| |||| 00| 0 eng d
035 _a(Sirsi) u21006
041 _aeng
245 _aEmpty government buildings
260 _c1996
350 _a0
490 _aScotsman
_v7 February 1996, 7(1)
520 _a13.6% of government property is vacant - an increase of 9% since 1993/94.
650 _aCOSTS
650 _aEMPTY PROPERTY
650 _aGOVERNMENT PROPERTY
650 _aOFFICE SPACE
650 _aPROPERTY ADVISERS TO THE CIVIL ESTATE
650 _aPROPERTY HOLDINGS AGENCY
690 _aPROPERTY-COMMERCIAL PROPERTY
942 _n0
948 _c04/03/1997
999 _c14093
_d14093